[Event "PD-RO Province-ch"]
[Site "Monselice"]
[Date "2008.01.13"]
[Round "5"]
[White "Ferrari, Mario"]
[Black "Liberi, Michele"]
[Result "0-1"]
[WhiteElo "1842"]
[BlackElo "1593"]
[PlyCount "126"]
[EventDate "2008.01.11"]
[EventType "swiss"]
[EventRounds "5"]
[EventCountry "ITA"]
[SourceTitle "EXT 2010"]
[Source "ChessBase"]
[SourceDate "2010.11.25"]
[SourceVersion "1"]
[SourceVersionDate "2010.11.25"]
[SourceQuality "1"]

1. e4 g6 2. d4 Bg7 3. Nf3 d6 4. Be3 Nd7 5. Qd2 b6 6. c3 Bb7 7. Bd3 h6 8. Qe2 e6 9. Nbd2 Ne7 10. Ba6 Qc8 11. Bxb7 Qxb7 12. Qd3 Nf6 13. h3 c5 14. e5 cxd4 15. Nc4 Ne4 16. cxd4 d5 17. Qxe4 dxe4 18. Nd6+ Kd7 19. Nxb7 exf3 20. gxf3 Nf5 21. Rd1 Rab8 22. Nd6 Nxd6 23. exd6 Rbc8 24. Bf4 Rc2 25. 0-0 Rhc8 26. Be5 f6 27. Bf4 g5 28. Be3 Rxb2 29. Rc1 Rcc2 30. a3 Bf8 31. f4 Bxd6 32. fxg5 hxg5 33. a4 Ra2 34. Ra1 Rxa1 35. Rxa1 Bb4 36. Kg2 Bd2 37. Kf3 Kd6 38. Ke4 Bxe3 39. fxe3 Rh2 40. a5 Rxh3 41. axb6 axb6 42. Rb1 Rh4+ 43. Kf3 Kc6 44. Rc1+ Kb7 45. Kg3 f5 46. Rf1 b5 47. d5 f4+ 48. exf4 Rxf4 49. Rd1 e5 50. d6 Rd4 51. Re1 e4 52. Kg4 Kc6 53. d7 Kxd7 54. Kxg5 Ke6 55. Kf4 Kd5 56. Rb1 b4 57. Ke3 Rd3+ 58. Ke2 Kc4 59. Rc1+ Rc3 60. Rb1 b3 61. Kd2 Rc2+ 62. Ke1 b2 63. Kd1 Kc3 0-1

[Event "PD-RO Province-ch"]
[Site "Monselice"]
[Date "2008.01.11"]
[Round "1"]
[White "Ferrari, Mario"]
[Black "Alfier, Cecilia"]
[Result "1-0"]
[WhiteElo "1842"]
[BlackElo "1263"]
[PlyCount "43"]
[EventDate "2008.01.11"]
[EventType "swiss"]
[EventRounds "5"]
[EventCountry "ITA"]
[SourceTitle "EXT 2010"]
[Source "ChessBase"]
[SourceDate "2010.11.25"]
[SourceVersion "1"]
[SourceVersionDate "2010.11.25"]
[SourceQuality "1"]

1. e4 e6 2. d4 d5 3. e5 Nc6 4. Nf3 f6 5. Bd3 fxe5 6. Nxe5 Nxe5 7. dxe5 d4 8. Qh5+ g6 9. Bxg6+ hxg6 10. Qxh8 Ne7 11. Bh6 Kf7 12. Qf6+ Kg8 13. Bg5 Qd5 14. Nd2 Bd7 15. h4 Qxg2 16. 0-0-0 Qc6 17. Kb1 Be8 18. h5 Nd5 19. Qf3 Bb4 20. hxg6 Bxd2 21. Rh8+ Kxh8 22. Qf8# 1-0

[Event "Veneto-ch qf 67th"]
[Site "Arqua Petrarca"]
[Date "2007.05.06"]
[Round "3.19"]
[White "Belloni, Umberto"]
[Black "Ferrari, Mario"]
[Result "1/2-1/2"]
[WhiteElo "1918"]
[BlackElo "1678"]
[PlyCount "110"]
[EventDate "2007.05.05"]
[EventType "swiss"]
[EventRounds "6"]
[EventCountry "ITA"]
[SourceTitle "EXT 2024"]
[Source "ChessBase"]
[SourceDate "2023.10.10"]
[SourceVersion "1"]
[SourceVersionDate "2023.10.10"]
[SourceQuality "1"]

1. d4 Nf6 2. c3 b6 3. Bg5 e6 4. e3 Bb7 5. f4 Be7 6. Bxf6 Bxf6 7. Nd2 0-0 8. Ngf3 Bh4+ 9. g3 Be7 10. Bd3 f5 11. Qe2 c5 12. 0-0 cxd4 13. cxd4 Nc6 14. a3 Bf6 15. Rac1 Ne7 16. Rc2 Rc8 17. Rfc1 Rxc2 18. Rxc2 d6 19. Bc4 Nd5 20. Bxd5 Bxd5 21. Qa6 Qa8 22. Kf2 Bb7 23. Qc4 Bd5 24. Qa6 Bc6 25. Qc4 Bd5 26. Qa6 Qb8 27. h4 h6 28. b4 Kh7 29. Qd3 Rc8 30. e4 Rxc2 31. Qxc2 fxe4 32. Nxe4 Kh8 33. Nxf6 gxf6 34. Qg6 Qf8 35. Nh2 Qg7 36. Qg4 Kh7 37. Qxg7+ Kxg7 38. Nf1 h5 39. Ne3 b5 40. Nxd5 exd5 41. f5 Kh6 42. Kf3 Kh7 43. Kf4 Kg7 44. Ke3 Kh7 45. Kd3 Kh6 46. Kc3 Kg7 47. a4 a6 48. axb5 axb5 49. Kd3 Kh7 50. Ke3 Kg7 51. Kf4 Kh6 52. Kf3 Kh7 53. g4 hxg4+ 54. Kg3 Kh6 55. Kxg4 Kg7 1/2-1/2

[Event "Veneto-ch qf 65th"]
[Site "Arqua Petrarca"]
[Date "2005.05.08"]
[Round "3.20"]
[White "Ferrari, Mario"]
[Black "Lavric, Mihail"]
[Result "1/2-1/2"]
[WhiteElo "1735"]
[BlackElo "2046"]
[PlyCount "84"]
[EventDate "2005.05.07"]
[EventType "swiss"]
[EventRounds "6"]
[EventCountry "ITA"]
[SourceTitle "EXT 2024"]
[Source "ChessBase"]
[SourceDate "2023.10.10"]
[SourceVersion "1"]
[SourceVersionDate "2023.10.10"]
[SourceQuality "1"]

1. e4 c5 2. Nf3 Nc6 3. Bb5 g6 4. Nc3 Bg7 5. d3 Nf6 6. Bxc6 bxc6 7. h3 0-0 8. Be3 d6 9. Qd2 Rb8 10. Rb1 Qa5 11. 0-0 Be6 12. b3 Nd7 13. Nd5 Qd8 14. Nf4 Ne5 15. Nxe5 Bxe5 16. Nxe6 fxe6 17. Bh6 Rf7 18. f4 Bd4+ 19. Kh1 Qc8 20. c3 Bg7 21. Bxg7 Kxg7 22. Qe3 Qd7 23. Rbd1 Rbf8 24. Kg1 Kg8 25. Rd2 e5 26. Rdf2 exf4 27. Rxf4 Rxf4 28. Rxf4 Rxf4 29. Qxf4 Qe6 30. Kf2 Kg7 31. g4 Qf6 32. Qxf6+ Kxf6 33. h4 h6 34. Kf3 g5 35. h5 e5 36. Ke3 Ke6 37. Kd2 d5 38. c4 d4 39. Kc2 Kd6 40. Kb2 Kc7 41. Ka3 Kb6 42. Ka4 a6 1/2-1/2

[Event "Veneto-ch Quarti di Finale 64th"]
[Site "Arqua Petrarca"]
[Date "2004.05.08"]
[Round "1.5"]
[White "Ferrari, Mario"]
[Black "Giuriati, Paolo"]
[Result "0-1"]
[WhiteElo "1759"]
[BlackElo "2185"]
[PlyCount "94"]
[EventDate "2004.05.08"]
[EventType "swiss"]
[EventRounds "6"]
[EventCountry "ITA"]
[SourceTitle "EXT 2023"]
[Source "ChessBase"]
[SourceDate "2022.10.05"]
[SourceVersion "1"]
[SourceVersionDate "2022.10.05"]
[SourceQuality "1"]

1. e4 c6 2. Nc3 d5 3. Nf3 Bg4 4. h3 Bxf3 5. Qxf3 e6 6. e5 Nd7 7. d4 c5 8. Bf4 cxd4 9. Nb5 Qa5+ 10. Kd1 Qb6 11. Bd3 a6 12. Nd6+ Bxd6 13. exd6 Ngf6 14. g4 0-0-0 15. Re1 Nc5 16. a4 Nfe4 17. Rxe4 dxe4 18. Bxe4 Nxe4 19. Qxe4 Qc6 20. Qxd4 f6 21. Qa7 e5 22. Ra3 Qxd6+ 23. Rd3 Qb8 24. Qc5+ Qc7 25. Be3 Rxd3+ 26. cxd3 Qxc5 27. Bxc5 h5 28. g5 fxg5 29. Bd6 Rd8 30. Bxe5 Rxd3+ 31. Ke2 Rxh3 32. Bxg7 Kd7 33. f3 Ke6 34. Kf2 Rh2+ 35. Kg3 Rc2 36. a5 Kf5 37. Bh8 h4+ 38. Kh3 Kf4 39. Bf6 Rc5 40. b4 Rf5 41. Be7 Kxf3 42. Bd6 Rf7 43. Be5 Rh7 44. Bd6 g4+ 45. Kh2 Rd7 46. Bc5 Rd1 47. Be7 g3+ 0-1

[Event "Veneto-ch Quarti di Finale 64th"]
[Site "Arqua Petrarca"]
[Date "2004.04.16"]
[Round "6.19"]
[White "Pomaro, Alberto"]
[Black "Ferrari, Mario"]
[Result "1-0"]
[WhiteElo "1670"]
[BlackElo "1759"]
[PlyCount "105"]
[EventDate "2004.05.08"]
[EventType "swiss"]
[EventRounds "6"]
[EventCountry "ITA"]
[SourceTitle "EXT 2023"]
[Source "ChessBase"]
[SourceDate "2022.10.05"]
[SourceVersion "1"]
[SourceVersionDate "2022.10.05"]
[SourceQuality "1"]

1. d4 Nf6 2. c4 c5 3. d5 b5 4. cxb5 a6 5. e3 Bb7 6. Nc3 g6 7. Nf3 axb5 8. Bxb5 Bg7 9. 0-0 0-0 10. e4 d6 11. Ne1 Ba6 12. f3 Bxb5 13. Nxb5 Qb6 14. Nc3 Nbd7 15. Kh1 Rfc8 16. Nc2 c4 17. a3 Nc5 18. Nb4 Nfd7 19. Be3 Qb7 20. Qc2 Ne5 21. Bxc5 Rxc5 22. Ne2 Rb8 23. Nc1 Qb5 24. Rd1 Rbc8 25. Nca2 Nd3 26. Nc3 Nxb4 27. axb4 Qxb4 28. Ra7 R5c7 29. Ra4 Qb6 30. Rda1 Qe3 31. Qc1 Qf2 32. Ra8 h5 33. Rxc8+ Rxc8 34. Rb1 h4 35. Qe1 Qc2 36. Qd1 Qf2 37. Qe1 Qb6 38. Qd2 Qb3 39. Qe1 Rb8 40. Nd1 c3 41. Ne3 cxb2 42. Nd1 Ra8 43. Nxb2 Bxb2 44. Qxh4 Ra1 45. Rxa1 Bxa1 46. h3 Qe3 47. Qg4 Bd4 48. Kh2 Be5+ 49. g3 Qf2+ 50. Kh1 Bxg3 51. Qc8+ Kg7 52. Qc3+ Kf8 53. Qh8# 1-0